Norway 2026 FIFA World Cup Squad - Statistics

General Stats
  • This quiz has been taken 41 times
  • The average score is 12 of 27
Answer Stats
# Position Player % Correct
FW Erling Haaland
96%
© MF Martin Ødegaard
88%
FW Alexander Sørloth
85%
MF Antonio Nusa
81%
MF Patrick Berg
73%
DF Julian Ryerson
69%
GK Ørjan Nyland
69%
MF Sander Berge
62%
MF Jens Petter Hauge
54%
DF Kristoffer Ajer
54%
MF Oscar Bobb
54%
FW Jørgen Strand Larsen
46%
DF David Møller Wolfe
42%
DF Leo Østigård
42%
Manager Ståle Solbakken
42%
GK Egil Selvik
35%
MF Thelo Aasgaard
31%
DF Henrik Falchener
27%
DF Fredrik André Bjørkan
23%
MF Kristian Thorstvedt
23%
DF Marcus Holmgren Pedersen
23%
MF Morten Thorsby
23%
GK Sander Tangvik
23%
DF Torbjørn Heggem
23%
MF Fredrik Aursnes
19%
MF Andreas Schjelderup
15%
DF Sondre Langås
12%
No matching quizzes found
Score Distribution
Percent of People with Each Score
Percentile by Number Answered
Your Score History
You have not taken this quiz